Agenda internacional para la conservación en jardines botánicos (Registro nro. 2622)
[ vista simple ]
| 000 -CABECERA | |
|---|---|
| Campo de control | 00735nam a2200217 a 4500 |
| 005 - FECHA Y HORA DE LA ULTIMA TRANSACCION | |
| Campo de control | 20200104041534.0 |
| 008 - ELEMENTOS DE LONGITUD FIJA—INFORMACION GENERAL | |
| Campo de control | 140121b2001 ck ||||| |||| 00| 0 spa d |
| 041 ## - IDIOMA | |
| Código de idioma para texto/pista de sonido o título separado | Español |
| 044 ## - PAÍS DE PUBLICACIÓN | |
| País de publicación | Colombia |
| 090 ## - CLASIFICACIÓN LOCAL | |
| Colección | IAvH |
| Consecutivo | 00188 |
| 100 ## - ASIENTO PRINCIPAL--NOMBRE PERSONAL | |
| Nombre personal | Wyse Jackson, Peter |
| 245 ## - MENCION DE TITULO | |
| Título | Agenda internacional para la conservación en jardines botánicos |
| 260 ## - PUBLICACION, DISTRIBUCION, ETC. (PIE DE IMPRENTA) | |
| Lugar de publicación, distribución, etc. | Bogotá |
| Nombre del editor, distribuidor, etc. | Organización Internacional para la Conservación en Jardines Botánicos |
| -- | Instituto Alexander von Humboldt |
| Fecha de publicación, distribución, etc. | 2001 |
| 300 ## - DESCRIPCION FISICA | |
| Extensión | 92 p. |
| 650 ## - ASIENTO SECUNDARIO DE MATERIA - TERMINO TEMATICO | |
| Término temático o nombre geográfico como elemento de entrada | Conservación de biodiversidad |
| 650 ## - ASIENTO SECUNDARIO DE MATERIA - TERMINO TEMATICO | |
| Término temático o nombre geográfico como elemento de entrada | Conservación ex situ |
| 650 ## - ASIENTO SECUNDARIO DE MATERIA - TERMINO TEMATICO | |
| Término temático o nombre geográfico como elemento de entrada | Jardínes botánicos |
| 650 ## - ASIENTO SECUNDARIO DE MATERIA - TERMINO TEMATICO | |
| Término temático o nombre geográfico como elemento de entrada | Redes de información |
| 700 ## - ASIENTO SECUNDARIO - NOMBRE PERSONAL | |
| Nombre personal | Sutherland, L. A. |
| 942 ## - ELEMENTOS ADICIONALES (KOHA) | |
| Tipo de ítem | CD-ROM |
| Sistema de clasificación | Local |
| Withdrawn status | Lost status | Sistema de Clasificación | Damaged status | No para préstamo | Colección | Inventariado | Ubicación Permanente | Ubicación actual | Fecha de adquisición | Fuente de Valor | Valor | Total Checkouts | Número topográfico | Inventario / Código de Barras | Date last seen | Ejemplar | Price effective from | Forma de adquisición | Tipo de material |
|---|---|---|---|---|---|---|---|---|---|---|---|---|---|---|---|---|---|---|---|
| Dewey Decimal Classification | Humboldt | Bogotá | Bogotá | 28/05/2002 | IAvH-580.73 W99a | 018031 | 04/12/2012 | Ej. 1 | 04/12/2012 | Institucional | Libro | ||||||||
| Dewey Decimal Classification | Humboldt | Bogotá | Bogotá | 28/05/2002 | IAvH-580.73 W99a | 018032 | 04/12/2012 | Ej. 2 | 04/12/2012 | Institucional | Libro | ||||||||
| Dewey Decimal Classification | Humboldt | Bogotá | Bogotá | 28/05/2002 | IAvH-580.73 W99a | 018033 | 04/12/2012 | Ej. 3 | 04/12/2012 | Institucional | Libro | ||||||||
| Dewey Decimal Classification | Humboldt | Inventariado 2017 | Sala Fabio Quevedo | Sala Fabio Quevedo | 18/07/2014 | Instituto | 30000.00 | IAvH-580.73 W99a | 004155 | 04/12/2012 | Ej. 4 | 04/12/2012 | Libro | ||||||
| Dewey Decimal Classification | Humboldt | Inventariado 2017 | Sala Fabio Quevedo | Sala Fabio Quevedo | 18/07/2014 | Instituto | 30000.00 | IAvH-580.73 W99a | 004156 | 04/12/2012 | Ej. 5 | 04/12/2012 | Libro | ||||||
| Local | Humboldt | Inventariado 2017 | Villa de Leyva | Villa de Leyva | 28/05/2002 | Instituto | 30000.00 | IAvH-00188 | 004154 | 04/12/2012 | Ej. 1 | 04/12/2012 | Libro |